Connecting the Top 50 Most Streamed Rap Artists by Collaborations - Statistics

General Stats
  • This quiz has been taken 14 times
  • The average score is 24 of 49
Answer Stats
Song the above did with the following: Answer % Correct
Superhero (Heroes and Villains) Metro Boomin
90%
Institutionalized Snoop Dogg
90%
Potato Salad Tyler, the Creator
90%
Creepin 21 Savage
80%
Under the Sun DaBaby
80%
Bandit Juice Wrld
80%
Drowning Kodak Black
80%
Zeze Travis Scott
80%
Reply A Boogie Wit da Hoodie
70%
Freaky ASAP Rocky
70%
Love Me Future
70%
God Is Fair, Sexy Nasty Kendrick Lamar
70%
Falling Down Lil Peep
70%
Miss The Rage Playboi Carti
70%
Welcome to the Party Pop Smoke
70%
One Shot YoungBoy Never Broke Again
70%
Renegade Eminem
60%
Pound Cake/Paris Morton Music 2 Jay-Z
60%
Baby Lil Baby
60%
No Love Lil Wayne
60%
Nightcrawler Swae Lee
60%
Ain't Safe Trippie Redd
60%
Arms Around You XXXTentacion
60%
We Need All Da Vibes Young Thug
60%
Moon Don Toliver
50%
Pushin P Drake
50%
O.K. Mac Miller
50%
Drop It Like It's Hot Pharrell Williams
50%
The Woo 50 Cent
40%
Miami Gunna
40%
New York Times J. Cole
40%
Flex Polo G
40%
MotorSport Cardi B
30%
Juicy Doja Cat
30%
Neon Guts Lil Uzi Vert
30%
Malibu Migos
30%
I Like You (A Happier Song) Post Malone
30%
Got 'Em Like Wiz Khalifa
30%
Wolves Big Sean
20%
Wait for Me G-Eazy
20%
Hot Shit Kanye West
20%
Better On Me Pitbull
20%
Pass Out Quavo
20%
Play No Games Ty Dolla Sign
20%
Girls Have Fun Tyga
20%
Can't Believe It Flo Rida
10%
Entertainment 2.0 Nicki Minaj
10%
Feel It Sean Paul
10%
Rondo Tory Lanez
10%
No matching quizzes found
Score Distribution
Percent of People with Each Score
Percentile by Number Answered
Your Score History
You have not taken this quiz